000 00318nam a22001337a 4500
008 181102b xxu||||| |||| 00| 0 eng d
020 _a0874847664
041 _aeng
080 _a370
100 _a46
101 _aEDU
245 _aThe Logical Accessory To Critical To Thinking
_cNoel.B
942 _2udc
_cBK
999 _c51659
_d51659